000 00586nam a22001697a 4500
008 160824b xxu||||| |||| 00| 0 eng d
022 _a2094-8042
082 _aDPer 370.105 M72 Jan-Dec 2012 v. 60-61
100 _913592
_aHernandez, Remedios L.
243 _a
245 _a Four-pronged approach sa pagtuturo ng pagbasa at pagsulat/
_cRemedios L. Hernandez.
260 _aPhilippines:
_bIn the Grade School, Inc.,
_cc2012.
300 _av60 n9, pages 348-350;
_c28 cm.
500 _aThe Modern Teacher
650 0 _918598
_aProgrammed instruction
_xFilipino
942 _2ddc
_cPER
999 _c4081
_d4081